All Current Bosses In Tower Defense Simulator - Statistics

General Stats
  • This quiz has been taken 15 times
    14 since last reset
  • The average score is 11 of 19
Answer Stats
Hint Answer % Correct
Fallen Fallen King
91%
Normal Grave Digger
91%
Molten Molten Boss
82%
Normal/Molten Speedy Boss
82%
Normal/Molten Normal Boss
73%
Normal/Molten Slow Boss
73%
Hardcore Void Reaver
73%
Pizza Party Wox The Fox
73%
Tutorial dummy boss
64%
Hardcore Fallen Swordmaster
64%
Badlands II Gunslinger
64%
Pw II Nuclear Monster
64%
Fallen Abnormal Boss
55%
Fallen Giant Boss
55%
Normal/Molten Hidden Boss
36%
Fallen Shadow Boss
36%
Fallen Necromancer Boss
27%
Hardcore Lead Boss
18%
Hardcore Soul Boss
9%
No matching quizzes found
Score Distribution
Percent of People with Each Score
Percentile by Number Answered
Your Score History
You have not taken this quiz since the last reset